Sustainable improvement of the existing housing stock (Record no. 112622)

MARC details
000 -LEADER
fixed length control field 01313cad a22002535a 4500
001 - CONTROL NUMBER
control field L143329
008 - FIXED-LENGTH DATA ELEMENTS--GENERAL INFORMATION
fixed length control field 080428s2008 xxk f 000 0 eng d
035 ## - SYSTEM CONTROL NUMBER
System control number (Sirsi) u153637
041 0# - LANGUAGE CODE
Language code of text/sound track or separate title eng
050 04 - LIBRARY OF CONGRESS CALL NUMBER
Classification number 696.9 $2 18
110 2# - MAIN ENTRY--CORPORATE NAME
Corporate name or jurisdiction name as entry element Housing Forum
9 (RLIN) 3949
245 00 - TITLE STATEMENT
Title Sustainable improvement of the existing housing stock
Remainder of title working group report
Medium [electronic resource]
260 ## - PUBLICATION, DISTRIBUTION, ETC.
Place of publication, distribution, etc. London
Name of publisher, distributor, etc. Housing Forum
Date of publication, distribution, etc. 2008
520 ## - SUMMARY, ETC.
Summary, etc. Investigates various practical measures to improve the sustainability of the UK's existing housing stock. Considers the possibility of creating a sustainability standard for existing housing stock, similar to the Code for Sustainable Homes; looks into the role of a whole life costing model when repairs, maintenance and improvement work is undertaken; and discusses how the Decent Homes programme can better address sustainability issues.
521 2# - TARGET AUDIENCE NOTE
Target audience note Advanced
590 ## - LOCAL NOTE (RLIN)
Local note KA
650 24 - SUBJECT ADDED ENTRY--TOPICAL TERM
Topical term or geographic name entry element DCLG CODE FOR SUSTAINABLE HOMES
650 24 - SUBJECT ADDED ENTRY--TOPICAL TERM
Topical term or geographic name entry element DCLG DECENT HOMES STANDARD
651 #4 - SUBJECT ADDED ENTRY--GEOGRAPHIC NAME
Geographic name United Kingdom
Chronological subdivision
690 ## - LOCAL SUBJECT ADDED ENTRY--TOPICAL TERM (OCLC, RLIN)
Topical term or geographic name as entry element BUILT ENVIRONMENT-SUSTAINABLE CONSTRUCTION
690 ## - LOCAL SUBJECT ADDED ENTRY--TOPICAL TERM (OCLC, RLIN)
Topical term or geographic name as entry element Refurbishment
9 (RLIN) 6264
856 40 - ELECTRONIC LOCATION AND ACCESS
Uniform Resource Identifier <a href="https://www.constructingexcellence.org.uk/resources/publications/view.jsp?id=7945">https://www.constructingexcellence.org.uk/resources/publications/view.jsp?id=7945</a>
Public note View the report free of charge at www.constructingexcellence.org.uk...
942 ## - ADDED ENTRY ELEMENTS (KOHA)
Suppress in OPAC 0
Holdings
Withdrawn status Lost status Source of classification or shelving scheme Damaged status Not for loan Home library Current library Shelving location Date acquired Total Checkouts Full call number Barcode Date last seen Copy number Price effective from Koha item type
    Dewey Decimal Classification     Virtual Virtual Online 12/08/2011   ONLINE PUBLICATION 153637-2001 06/08/2019 1 06/08/2019 Book